000 01186cam a2200397Ma 4500
001 74477
005 20230410105310.0
008 030225s2002 fr b b 000 0 fre d
035 _a(OCoLC)ocn301690228
040 _aRUQBL
_bfre
_cRUQBL
_dOCLCQ
_dFRBML
_dBDF
020 _a2707135089
020 _a9782707135087
029 1 _aZWZ
_b068731825
035 _a(OCoLC)301690228
082 1 4 _a909.82
_221
050 1 4 _aH 61
_bR425
100 1 _aJeannesson, Stanislas.
245 1 3 _aLa guerre froide /
_cStanislas Jeannesson.
260 _aParis :
_bLa Découverte,
_c2002.
300 _a122 p.
490 1 _aCollection Reperes;
_vn. 351
504 _aBibliogr.: p. 117-[120].
650 6 _aGuerre froide.
650 6 _aDétente (Politique)
650 6 _aPolitique mondiale
_y1945-1989.
653 _aCommuniste
_aDetente
_aEst
_aEtats-Unis
_aFroid
_aGuerre
_aInternational
_aOccident
_aPays
_aPolitique
653 _aRelation
_aUrss
650 4 _aGuerre froide.
650 4 _aPolitique mondiale
_y1945-1990.
650 7 _aGuerre froide.
_2ram
730 0 _aCollection Reperes
830 0 _aReperes / Histoire
942 _2lcc
_cbk
946 _amjcruz
994 _aC0
_bDRFGD
999 _c33890
_d33890